000 00780cab a2200193 4500
001 WB2611-20
008 090401t1990 xxu||||| |||| 00| 0 eng d
035 _a(Sirsi) u9725
041 _aeng
245 _aHousing the homeless
260 _c1990
350 _a0
490 _aGuardian
_v13/3/90 p39
520 _aR v Tower Hamlets LBC QBD 12 March 1990. It was decided that although Newham LBC did have the right under Housing Act 1985 s67 to refer an applicant for housing back to another borough, which had already rejected the applicant as being intentionally homeless because he had left accommodation abroad, Newham should have considered the shortage of housing in Tower Hamlets .
650 _aHOMELESSLESS
690 _aHOUSING
942 _n0
948 _c04/03/1997
999 _c6114
_d6114